| 000 | 00506nam a2200217Ia 4500 | ||
|---|---|---|---|
| 008 | 210210b2008 xxu||||| |||| 00| 0 eng d | ||
| 020 | _a9788189239374 | ||
| 041 | _aeng | ||
| 082 | _a341.481 MEEH | ||
| 100 | _aMEENA (P K) Ed | ||
| 245 | _aHuman rights theory and practice | ||
| 260 |
_aNew Delhi _bMurari Lal and Sons _c2008 |
||
| 300 | _a248 | ||
| 650 | _atheory | ||
| 650 | _arights | ||
| 650 | _apractice | ||
| 650 | _aHuman | ||
| 650 | _aand | ||
| 690 | _aHuman Rights | ||
| 906 | _a063210 | ||
| 999 |
_c133598 _d133598 |
||